| 000 | 01097cam a2200229 4500 | ||
|---|---|---|---|
| 001 | WB3806-07 | ||
| 008 | 020211n2002 000 0 eng u | ||
| 035 | _a(Sirsi) u116671 | ||
| 245 | _aPut faith in chartered surveyors | ||
| 260 | _c2002 | ||
| 490 |
_aRICS Press Release _v(018) 1 February 2002, (2) |
||
| 520 | _aRICS has recommended that the 1990 Cathedrals Measure Review be amended to allow chartered surveyors to fulfil the role of 'cathedral architects'. The current regulations prevent chartered building surveyors from taking on cathedral projects as managing consultants, in spite of their repair and conservation work in other places of worship. http://www.rics.org/ricscms/bin/show?class=PressRelease&template=/includes/showpr.html&id=662 | ||
| 590 | _aWB | ||
| 650 | _aCATHEDRALS | ||
| 650 | _aRICS | ||
| 650 | _aBUILT ENVIRONMENT-BUILDING INSPECTION | ||
| 650 | _aABOUT RICS-RICS MEMBERS | ||
| 650 | _aBUILDING CONSERVATION | ||
| 650 | _aHISTORIC BUILDINGS | ||
| 690 | _aBUILT ENVIRONMENT-BUILDING MAINTENANCE AND REFURBISHMENT-BUILDING CONSERVATION | ||
| 942 | _n0 | ||
| 999 |
_c69482 _d69482 |
||